000 00688nam a2200241Ia 4500
003 OSt
005 20220918164337.0
006 a|||||r|||| 00| 0
007 ta
008 220917b |||||||| |||| 00| 0 eng d
020 _a052158745X (pbk)
024 _a48,103
037 _cTextual
040 _aARTS
_cARTS
_beng
041 _2eng
_aeng
082 _aW894.1y7, N8
245 0 _aBorder identities
_b nation and state at international frontiers edited by Thomas M Wilson and Hastings Donnan
260 _aCambridge
_bCUP
_c1998
300 _axii,301p.
_ccm.
650 _aPOLITICAL SCIENCE
942 _hW894.1y7, N8
_cTEXL
_2CC
999 _c124339
_d124339